Normal view
MARC view
- تأليف ارسلان، الامير شكيب
Entry Personal Name
001 - CONTROL NUMBER
- control field: 60542
003 - CONTROL NUMBER IDENTIFIER
- control field: JO-AjAnu
005 - DATE AND TIME OF LATEST TRANSACTION
- control field: 20230606083909.0
008 - FIXED-LENGTH DATA ELEMENTS
- fixed length control field: 230606|| aca||aabn | a|a d
040 ## - CATALOGING SOURCE
- Original cataloging agency: JO-AjAnu
- Transcribing agency: JO-AjAnu
100 ## - HEADING--PERSONAL NAME
- Personal name: تأليف ارسلان، الامير شكيب
670 ## - SOURCE DATA FOUND
- Source citation: Work cat.: (JO-AjAnu)30874: تأليف ارسلان، الامير شكيب, author, تاريخ غزوات العرب في فرنسا وسويسرا وايطاليا وجزائرالبحر المتوسط